000 00561nam a2200133 4500
008 0 2008 0a 000 0mex
050 _aTP155 MR5 A9 2008
082 _a663.59 A9m
100 _aAdulfo Dominguez, Antonio
245 _aMejoramiento en el proceso de fermentacion de la planta industrial Destiladora de Miacatlan S.A. de C.V. / Antonio Adulfo Dominguez
300 _a46 p. / 28 cm.
502 _aMemoria de residencia profesional. Opción x. I.T.Z. (Bioquímica) Ing. Carlos Felipe Cano Ochoa
650 _a1. DESTILACION DE AGAVE 2. BEBIDAS
999 _c22512
_d22512